[Event "Mechanics' Fall TNM; 30/90, SD/30"]
[Site "San Francisco"]
[Date "2012.12.04"]
[Round "8.12"]
[White "Maser, Thomas"]
[Black "Hack, Richard"]
[Result "1-0"]
[WhiteElo "1990"]
[BlackElo "1639"]
[PlyCount "75"]
[EventDate "2012.??.??"]

1. e4 e5 2. Nf3 Nc6 3. Bb5 a6 4. Ba4 Nf6 5. d3 d6 6. c3 Bg4 7. Nbd2 Be7 8. Nf1
O-O 9. Ng3 b5 10. Bb3 Na5 11. Bc2 c5 12. O-O Qd7 13. a4 Nc6 14. h3 Be6 15. Qe2
b4 16. Nh4 Rfb8 17. Nhf5 Bf8 18. Bg5 Ne7 19. Bxf6 Bxf5 20. Bxe7 Bxh3 21. Bxf8
Bxg2 22. Kxg2 Rxf8 23. Nf5 g6 24. Ne3 f5 25. Rh1 f4 26. Qg4 f3+ 27. Kf1 Qd8 28.
Bb3+ Kh8 29. cxb4 cxb4 30. Rh3 Qf6 31. Nd5 Qg7 32. Rxf3 Qh6 33. Rxf8+ Rxf8 34.
Ke2 Qh2 35. Qg3 Qh5+ 36. f3 a5 37. Rg1 Kg7 38. Rg2 1-0

[Event "Mechanics' Fall TNM; 30/90, SD/30"]
[Site "San Francisco"]
[Date "2012.11.20"]
[Round "6.15"]
[White "Maser, Thomas"]
[Black "Woebcke, Carl"]
[Result "1-0"]
[WhiteElo "1990"]
[BlackElo "1786"]
[PlyCount "71"]
[EventDate "2012.??.??"]

1. e4 c5 2. Nf3 d6 3. d4 cxd4 4. Nxd4 Nf6 5. Nc3 a6 6. Be2 e5 7. Nb3 Be7 8. a4
Be6 9. f4 d5 10. fxe5 Nxe4 11. Nxe4 dxe4 12. Qxd8+ Bxd8 13. Nc5 Bc7 14. Bf4 Nc6
15. Nxe4 Nxe5 16. Nc5 Bd5 17. O-O O-O-O 18. Rad1 Rhe8 19. b4 f6 20. Bg3 Kb8 21.
c4 Nxc4 22. Bxc4 Bxc4 23. Rxd8+ Rxd8 24. Bxc7+ Kxc7 25. Rc1 b5 26. Ne6+ Kc8 27.
Nxd8 Kxd8 28. a5 Ke7 29. Kf2 Kd6 30. Ke3 Ke5 31. Rd1 Bd5 32. g3 f5 33. Rd4 g5
34. Rd1 g4 35. Rd4 Bg2 36. Rd7 1-0

[Event "Mechanics' Fall TNM; 30/90, SD/30"]
[Site "San Francisco"]
[Date "2012.12.04"]
[Round "8.19"]
[White "Matchen, George"]
[Black "Brown, Nicholas"]
[Result "1-0"]
[WhiteElo "1584"]
[BlackElo "1457"]
[PlyCount "53"]
[EventDate "2012.??.??"]

1. e4 c6 2. d4 d5 3. Nc3 dxe4 4. Nxe4 Bf5 5. Ng3 Bg6 6. Nf3 h6 7. Bd3 Bxd3 8.
Qxd3 Nf6 9. O-O e6 10. Re1 Be7 11. Bd2 O-O 12. b4 Nbd7 13. c4 b6 14. a3 c5 15.
d5 exd5 16. Nf5 Re8 17. cxd5 Bf8 18. Rxe8 Qxe8 19. Re1 Qd8 20. h3 Nb8 21. d6 g6
22. Nxh6+ Bxh6 23. Bxh6 Ne8 24. Ng5 Nxd6 25. Qxd6 Na6 26. Qe5 f6 27. Qe6+ 1-0

[Event "Mechanics' Fall TNM; 30/90, SD/30"]
[Site "San Francisco"]
[Date "2012.10.30"]
[Round "3.7"]
[White "Matchen, George"]
[Black "Byambaa, Uyanga"]
[Result "1/2-1/2"]
[WhiteElo "1584"]
[BlackElo "2093"]
[Annotator "Donaldson"]
[PlyCount "145"]
[EventDate "2012.??.??"]

1. e4 c5 2. c3 Nf6 3. e5 Nd5 4. d4 cxd4 5. Qxd4 e6 6. Nf3 Nc6 7. Qe4 d6 8. Nbd2
dxe5 9. Nxe5 Be7 10. Bb5 Qc7 11. Ndf3 O-O 12. O-O Bf6 13. Bd3 g6 14. Ng4 Bg7
15. Nh6+ Kh8 16. Qh4 f5 17. Ng5 Bf6 18. Re1 a6 19. Rb1 b5 20. Bd2 Ra7 21. c4
Ndb4 22. Bf1 Nc2 23. Rec1 N2d4 24. cxb5 axb5 25. Bc3 Qe7 26. Bxd4 Nxd4 27. Rxc8
Rxc8 28. Nhf7+ Kg8 29. Qxh7+ Kf8 30. Qh6+ Bg7 31. Qxg6 Qxf7 32. Nxf7 Rxf7 33.
Qg3 Bf6 34. Qd6+ Kg8 35. Bxb5 Nxb5 36. Qxe6 Rc5 37. b4 Re5 38. Qc8+ Kg7 39. a4
Rc7 40. Qb8 Rce7 41. g3 Nc3 42. Rf1 Nxa4 43. Ra1 Nc3 44. Ra7 Rxa7 45. Qxa7+ Re7
46. Qc5 f4 47. Qh5 Rb7 48. Qg4+ Kf7 49. Qh5+ Kg7 50. gxf4 Rxb4 51. f5 Nd5 52.
Qg6+ Kf8 53. Qh6+ Ke7 54. Qc1 Kd6 55. Qe1 Be5 56. Qd2 Rh4 57. Qg5 Rxh2 58. Qd8+
Kc5 59. Qc8+ Kd4 60. Qd7 Ke4 $4 61. Qe6 (61. f3+ Kd4 62. f6 $1) 61... Rh5 62.
f3+ Kd4 63. Kf2 Rh2+ 64. Kg1 Re2 65. Qa6 Ke3 66. Qc6 Rd2 67. Qc5+ Kxf3 68. Qa3+
Ne3 69. Qb3 Rg2+ 70. Kh1 Rh2+ 71. Kg1 Rb2 {Objectively there is nothing wrong
with this move but practically it throws away the win as Black did not know
how to mate with bishop and knight. The game was drawn 50 moves after the
f-pawn was captured.} 72. Qxb2 Bxb2 73. Kh2 1/2-1/2

[Event "Mechanics' Fall TNM; 30/90, SD/30"]
[Site "San Francisco"]
[Date "2012.10.23"]
[Round "2.15"]
[White "Matchen, George"]
[Black "Maser, Thomas"]
[Result "1-0"]
[WhiteElo "1584"]
[BlackElo "1990"]
[PlyCount "115"]
[EventDate "2012.??.??"]

1. e4 e5 2. Nf3 Nc6 3. Bc4 Nf6 4. Ng5 d5 5. exd5 Na5 6. Bb5+ c6 7. dxc6 bxc6 8.
Be2 h6 9. Nf3 e4 10. Ne5 Bd6 11. d4 exd3 12. Nxd3 O-O 13. O-O Qc7 14. h3 Be6
15. b3 Rad8 16. Nd2 Be5 17. Rb1 Nd5 18. Nxe5 Nc3 19. Qe1 Qxe5 20. Bf3 Qxe1 21.
Rxe1 Nxb1 22. Nxb1 Bd5 23. Bh5 Rfe8 24. Be3 g6 25. Be2 Be4 26. Na3 Kh7 27. Ba6
c5 28. Bxc5 Bb7 29. Rxe8 Rxe8 30. Bd3 Re1+ 31. Kh2 Ra1 32. b4 Nc6 33. Bc4 Kg8
34. Bb3 a5 35. b5 Nb4 36. Bxb4 axb4 37. Nc4 Re1 38. Nd6 Re7 39. Kg3 Rd7 40.
Nxb7 Rxb7 41. Bc4 Kg7 42. Kf4 Kf6 43. Ke4 Rd7 44. Bd5 Ke7 45. Kd4 Rc7 46. b6
Rc8 47. b7 Rb8 48. Kc5 f6 49. Kxb4 Kd6 50. c4 Kc7 51. a4 Re8 52. a5 Re1 53. Kb5
Rb1+ 54. Ka6 Kb8 55. Bc6 Rd1 56. Kb6 Rb1+ 57. Bb5 Ra1 58. c5 1-0

[Event "Mechanics' Fall TNM; 30/90, SD/30"]
[Site "San Francisco"]
[Date "2012.11.13"]
[Round "5.18"]
[White "Matchen, George"]
[Black "Poling, Scott"]
[Result "1-0"]
[WhiteElo "1584"]
[BlackElo "1747"]
[PlyCount "61"]
[EventDate "2012.??.??"]

1. e4 e6 2. d4 d5 3. Nc3 Nf6 4. Bg5 Bb4 5. e5 h6 6. Bh4 g5 7. Bxg5 hxg5 8. exf6
Qxf6 9. Nf3 c5 10. Ne5 cxd4 11. Qxd4 Rh4 12. g4 Qf4 13. Qxf4 gxf4 14. h3 d4 15.
a3 Bxc3+ 16. bxc3 dxc3 17. Rb1 f6 18. Bb5+ Kd8 19. Ng6 Rh7 20. Nxf4 a6 21. Bd3
Rc7 22. h4 Rg7 23. f3 Nc6 24. Kf2 Ne5 25. Be2 b5 26. h5 Ke7 27. Rb3 Bb7 28.
Rxc3 Nxg4+ 29. fxg4 Bxh1 30. Rc7+ Kf8 31. Nxe6+ 1-0

[Event "Mechanics' Summer TNM; 30/90, SD/30"]
[Site "San Francisco"]
[Date "2012.07.10"]
[Round "8.22"]
[White "Matsuda, Leo"]
[Black "Graeber, Marie"]
[Result "1-0"]
[WhiteElo "1814"]
[BlackElo "1424"]
[PlyCount "29"]
[EventDate "2012.??.??"]

1. e4 d6 2. d4 Nd7 3. f4 c5 4. Nf3 cxd4 5. Nxd4 e5 6. Nb5 Nc5 7. fxe5 Qh4+ 8.
g3 Qxe4+ 9. Kf2 Qc6 10. Nxd6+ Bxd6 11. exd6 Qxh1 12. Bb5+ Qc6 13. Bxc6+ bxc6
14. Qe1+ Be6 15. Qe5 1-0

[Event "Mechanics' Spring TNM; 30/90, SD/30"]
[Site "San Francisco"]
[Date "2012.03.20"]
[Round "2.20"]
[White "Matsuda, Leo"]
[Black "Hilliard, Michael"]
[Result "0-1"]
[WhiteElo "2057"]
[BlackElo "1535"]
[Annotator "Donaldson"]
[PlyCount "156"]
[EventDate "2012.??.??"]

1. d4 d5 2. c4 e6 3. Nf3 c5 4. Bf4 Nf6 5. Nc3 Nc6 6. h3 a6 7. cxd5 exd5 8. e3
cxd4 9. Nxd4 Bb4 10. a3 Ba5 11. b4 Bc7 12. Bxc7 Qxc7 13. g3 O-O 14. Bg2 Be6 15.
O-O Rfd8 16. Rc1 Rac8 17. Qe2 Qd7 18. Nxc6 Rxc6 19. h4 Rdc8 20. Qd2 Bh3 21. Ne2
Bg4 22. Nf4 Be6 23. Nd3 Qc7 24. Rxc6 Qxc6 25. Rc1 Qd6 26. Nf4 Rd8 27. Qd4 b6
28. Rd1 Qc6 29. e4 Qc2 30. Nxe6 (30. exd5) 30... fxe6 31. Rd2 Qc1+ 32. Rd1 Qc2
33. Rd2 Qc1+ 34. Kh2 Qc6 35. exd5 exd5 36. h5 h6 37. Qe5 Qd6 38. Qf5 Qd7 39.
Qxd7 Rxd7 40. Rc2 Rd6 41. Kh3 d4 (41... Nxh5 42. Rc6) 42. g4 Kf7 43. Kg3 Ke6
44. f4 Nd5 45. Bxd5+ Kxd5 46. Kf3 Re6 47. Re2 $4 Rxe2 48. Kxe2 Ke4 49. f5 d3+
50. Kd2 Kf4 (50... Kd4 $4 51. g5 $1) 51. Kxd3 Kxg4 52. Ke4 Kxh5 53. Kf4 Kh4 54.
a4 Kh3 55. b5 axb5 56. axb5 Kh4 57. f6 gxf6 58. Kf5 h5 59. Kf4 Kh3 60. Kf5 Kg3
61. Kxf6 h4 62. Ke6 h3 63. Kd6 h2 64. Kc6 h1=Q+ 65. Kxb6 Qa8 66. Kc7 Qa7+ 67.
Kc6 Qb8 68. b6 Kf4 69. Kc5 Ke5 70. Kc6 Ke6 71. b7 Ke7 72. Kb6 Kd7 73. Ka6 Kc7
74. Ka5 Qxb7 75. Ka4 Kc6 76. Ka3 Kc5 77. Ka2 Kc4 78. Ka1 Kc3 0-1

[Event "Mechanics' Summer TNM; 30/90, SD/30"]
[Site "San Francisco"]
[Date "2012.06.19"]
[Round "5.20"]
[White "Matsuda, Leo"]
[Black "Jacokes, Brian"]
[Result "0-1"]
[WhiteElo "1814"]
[BlackElo "1576"]
[PlyCount "66"]
[EventDate "2012.??.??"]

1. e4 c5 2. Nf3 d6 3. d4 cxd4 4. Nxd4 Nf6 5. Nc3 a6 6. Bg5 e6 7. Bc4 Be7 8. Qd2
Qc7 9. Bd3 b5 10. O-O Bb7 11. Bxb5+ axb5 12. Ndxb5 Qd7 13. Bxf6 gxf6 14. Rad1
Ra6 15. Qh6 f5 16. Qg7 Rf8 17. exf5 d5 18. fxe6 Rxe6 19. Qxh7 Rg6 20. Nd4 Bf6
21. Rfe1+ Kd8 22. f3 Rh8 23. Qxg6 fxg6 24. Ne6+ Kc8 25. Nf4 Qh7 26. Ncxd5 Qxh2+
27. Kf2 Bh4+ 28. Ke2 Re8+ 29. Kd2 Bxe1+ 30. Rxe1 Rxe1 31. Nb6+ Kc7 32. Nbd5+
Bxd5 33. Nxd5+ Kd6 0-1

[Event "Mechanics' Spring TNM; 30/90, SD/30"]
[Site "San Francisco"]
[Date "2012.03.27"]
[Round "3.27"]
[White "Matsuda, Leo"]
[Black "Wishard, Bruce"]
[Result "0-1"]
[WhiteElo "2057"]
[BlackElo "1370"]
[PlyCount "34"]
[EventDate "2012.??.??"]

1. e4 e5 2. d4 exd4 3. c3 Nc6 4. Nf3 dxc3 5. Nxc3 Bb4 6. Qc2 Nf6 7. Bd2 O-O 8.
Bg5 Re8 9. Bd3 Ne5 10. Nxe5 Rxe5 11. O-O Rxg5 12. Ne2 d6 13. f4 Bc5+ 14. Kh1
Rh5 15. Ng3 Rh6 16. Rad1 Ng4 17. h3 Ne3 0-1

[Event "Mechanics' Summer TNM; 30/90, SD/30"]
[Site "San Francisco"]
[Date "2012.05.29"]
[Round "2.12"]
[White "Matsuda, Leo"]
[Black "Wong, Russell"]
[Result "0-1"]
[WhiteElo "1814"]
[BlackElo "2221"]
[PlyCount "64"]
[EventDate "2012.??.??"]

1. e4 Nf6 2. e5 Nd5 3. d4 d6 4. exd6 cxd6 5. c4 Nf6 6. Nc3 g6 7. Nf3 Bg7 8. g3
O-O 9. Bg2 Nc6 10. O-O a6 11. d5 Na5 12. Qe2 Qc7 13. Nd2 Bg4 14. f3 Bf5 15. b4
Qb6+ 16. Kh1 Qxb4 17. Nce4 Nxe4 18. Rb1 Nxg3+ 19. hxg3 Bxb1 20. a3 Qb6 21. f4
Ba2 22. f5 Qc7 23. Be4 Bxc4 24. Nxc4 Nxc4 25. fxg6 fxg6 26. Re1 Rf7 27. Qg4 Ne5
28. Qh4 Raf8 29. Bf4 Qc4 30. Bg2 Nd3 31. Rf1 Nxf4 32. Rg1 g5 0-1

[Event "Mechanics' Summer TNM; 30/90, SD/30"]
[Site "?"]
[Date "2012.06.27"]
[Round "6"]
[White "Matsuda, Leo"]
[Black "Zhao, Audrey"]
[Result "0-1"]
[WhiteElo "1814"]
[BlackElo "1757"]
[PlyCount "80"]
[EventDate "2012.??.??"]

1. d4 d5 2. Nf3 c5 3. e3 Nc6 4. c4 e6 5. Nc3 Nf6 6. dxc5 Bxc5 7. Be2 O-O 8. O-O
Bd6 9. cxd5 exd5 10. a3 Be6 11. b4 Qc7 12. Nb5 Qd7 13. Nxd6 Qxd6 14. Bb2 a6 15.
Bxf6 gxf6 16. Qd2 Kh8 17. Rfd1 Rg8 18. g3 Rad8 19. Nh4 f5 20. Ng2 Qe5 21. Nf4
d4 22. Nd3 Qf6 23. Qb2 Qg7 24. exd4 Nxd4 25. Bf1 Bc4 26. Qc1 Bb3 27. Qf4 Bxd1
28. Rxd1 f6 29. Nc5 Qg4 30. Qc1 Nf3+ 31. Kh1 Qh5 32. h3 Ng5 33. Rxd8 Rxd8 34.
Kh2 Qf3 35. Qe3 Qxe3 36. fxe3 Rd2+ 37. Kh1 Nf3 38. Bg2 Rd1+ 39. Bf1 Rxf1+ 40.
Kg2 Nd2 0-1

[Event "Mechanics' Mar TNM; 30/90, SD/30"]
[Site "San Francisco"]
[Date "2012.08.14"]
[Round "3.17"]
[White "Matz, James"]
[Black "Cole, Tony"]
[Result "1-0"]
[WhiteElo "1808"]
[BlackElo "1604"]
[PlyCount "35"]
[EventDate "2012.??.??"]

1. e4 e5 2. Nf3 Nc6 3. Bb5 Nge7 4. O-O a6 5. Ba4 d6 6. d4 exd4 7. Nxd4 Bd7 8.
Bg5 Nxd4 9. Bxd7+ Qxd7 10. Qxd4 f6 11. Be3 c5 12. Qd2 O-O-O 13. Nc3 h5 14. Rad1
Nc6 15. Nd5 Qe6 16. Rfe1 Ne5 17. Qa5 Qf7 18. Nb6+ 1-0

[Event "Mechanics' Mar TNM; 30/90, SD/30"]
[Site "San Francisco"]
[Date "2012.08.28"]
[Round "5.18"]
[White "Matz, James"]
[Black "Sherwood, Peter"]
[Result "0-1"]
[WhiteElo "1808"]
[BlackElo "1784"]
[Annotator "Sherwood"]
[PlyCount "78"]
[EventDate "2012.??.??"]

1. e4 c5 2. Nf3 d6 3. g3 Nf6 4. d3 Nc6 5. Bg2 g6 6. Nbd2 Bg7 7. O-O O-O 8. Nh4
Bg4 9. f3 Bd7 10. f4 Ng4 11. Nc4 Bd4+ 12. Kh1 b5 13. Na3 a6 14. Qe2 Bf6 15. Nf3
Rc8 16. h3 Nh6 17. g4 Nxg4 18. hxg4 Bxg4 19. Qf2 Kg7 20. Qg3 h5 21. e5 dxe5 22.
fxe5 Nxe5 23. Nxe5 Qd6 24. Re1 (24. Bh6+ $1 Kh7 (24... Kxh6 $2 25. Nxg4+ hxg4
26. Qxd6 exd6 27. Rxf6) 25. Bxf8 Rxf8 26. Rae1 $18) 24... Rcd8 25. Qe3 Rh8 26.
Bd2 Be6 27. Ba5 Rdf8 (27... Rdg8 $142) 28. Rad1 h4 29. d4 c4 30. Bh3 (30. Nxg6
$1 fxg6 (30... Kxg6 $2 31. Be4+ Kg7 32. Rg1+ $18) 31. Qxe6 $18) 30... g5 31.
Bxe6 Qxe6 32. Rg1 (32. d5 Qf5 33. Bc3 $18) 32... Rfg8 33. Rxg5+ $2 Bxg5 34.
Qxg5+ Kf8 35. Qf4 Qd5+ $6 (35... Qh3+ 36. Qh2 Qf5 $17) 36. Qf3 Qxf3+ 37. Nxf3
Rg3 38. Ne5 $2 (38. Rf1) (38. Ng1) 38... Rhg8 39. Bc7 $4 (39. Kh2 $11) (39. Rd2
$11) 39... Rh3# 0-1

[Event "Mechanics' Winter TNM; 30/90, SD/30"]
[Site "San Francisco"]
[Date "2012.01.24"]
[Round "4.13"]
[White "McCann, Jeff"]
[Black "Campers, Willie"]
[Result "1-0"]
[WhiteElo "2058"]
[BlackElo "1641"]
[PlyCount "69"]
[EventDate "2012.??.??"]

1. d4 d5 2. Bf4 c6 3. e3 Bf5 4. Bd3 Bxd3 5. Qxd3 Nd7 6. Nd2 e6 7. Ngf3 Be7 8.
O-O Ngf6 9. h3 O-O 10. c3 Re8 11. Rfe1 Nf8 12. e4 dxe4 13. Nxe4 Nd5 14. Bh2 Ng6
15. a3 a5 16. Rad1 h6 17. Ne5 Ndf4 18. Bxf4 Nxf4 19. Qf3 f6 20. Qxf4 fxe5 21.
dxe5 Qb6 22. Qg4 c5 23. Nf6+ Bxf6 24. exf6 Qc7 25. Rxe6 Rxe6 26. Qxe6+ Qf7 27.
Qxf7+ Kxf7 28. fxg7 Rb8 29. Rd7+ Kg8 30. f4 b5 31. f5 b4 32. cxb4 cxb4 33. f6
bxa3 34. bxa3 Rb3 35. Rd8+ 1-0

[Event "Mechanics' Winter TNM; 30/90, SD/30"]
[Site "San Francisco"]
[Date "2012.01.10"]
[Round "2.20"]
[White "McCann, Jeff"]
[Black "Morgan, Jerry"]
[Result "1-0"]
[WhiteElo "2058"]
[BlackElo "1447"]
[PlyCount "49"]
[EventDate "2012.??.??"]

1. c4 f5 2. g3 Nf6 3. Bg2 g6 4. Nc3 Bg7 5. d3 O-O 6. Bg5 d6 7. Qd2 c6 8. Bh6 e5
9. Bxg7 Kxg7 10. e4 Na6 11. Nge2 Nc5 12. O-O a5 13. Rad1 Qe7 14. b3 Be6 15. f3
Rad8 16. d4 Na6 17. d5 Bc8 18. dxc6 fxe4 19. cxb7 Bxb7 20. fxe4 Nc5 21. Nd5 Qd7
22. Nxf6 Rxf6 23. Rxf6 Kxf6 24. Qh6 Rg8 25. Rf1+ 1-0

[Event "Mechanics' Winter TNM; 30/90, SD/30"]
[Site "San Francisco"]
[Date "2012.02.07"]
[Round "6.4"]
[White "McCann, Jeff"]
[Black "Todortsev, Victor"]
[Result "1/2-1/2"]
[WhiteElo "2058"]
[BlackElo "1959"]
[PlyCount "88"]
[EventDate "2012.??.??"]

1. d4 d5 2. Nf3 Nf6 3. Bf4 e6 4. e3 c5 5. Nbd2 Nc6 6. c3 h6 7. h3 Bd6 8. Bxd6
Qxd6 9. Bd3 O-O 10. O-O cxd4 11. exd4 e5 12. dxe5 Nxe5 13. Nxe5 Qxe5 14. Nf3
Qh5 15. Re1 Re8 16. Rxe8+ Nxe8 17. Qe2 Nf6 18. Re1 Be6 19. Nd4 Qxe2 20. Rxe2
Re8 21. g4 Bd7 22. Rxe8+ Nxe8 23. f4 Nd6 24. Kf2 g6 25. Ke3 Kg7 26. Nf3 Nc4+
27. Bxc4 dxc4 28. Ne5 Be6 29. Kd4 f5 30. gxf5 Bxf5 31. h4 Kf6 32. Nxc4 Be6 33.
Ne3 Bxa2 34. Kc5 Bb1 35. Kd5 Bf5 36. Kd6 Be4 37. Kd7 Bc6+ 38. Kd6 a5 39. Kc5 a4
40. Kd6 Bf3 41. Kc5 Ke6 42. Kb4 Bc6 43. Kc5 Bf3 44. Kb5 Bc6+ 1/2-1/2

[Event "Mechanics' Fall TNM; 30/90, SD/30"]
[Site "San Francisco"]
[Date "2012.10.23"]
[Round "2.28"]
[White "McCarty-Snead, Callaghan"]
[Black "Cole, Tony"]
[Result "1-0"]
[WhiteElo "826"]
[BlackElo "1523"]
[PlyCount "32"]
[EventDate "2012.??.??"]

1. e4 e5 2. Nf3 Nc6 3. Bc4 Nf6 4. d3 h6 5. O-O Bc5 6. Be3 d6 7. h3 g5 8. Nbd2
g4 9. hxg4 Nxg4 10. Bxc5 dxc5 11. Nb3 b6 12. Bb5 Bd7 13. Nfd2 Qh4 14. Nf3 Qf6
15. Nfd2 h5 16. Qf3 Qg6 {
Both players' scoresheets are indecipherable for the remainder of the game.}
1-0

[Event "Mechanics' Fall TNM; 30/90, SD/30"]
[Site "San Francisco"]
[Date "2012.12.04"]
[Round "8.17"]
[White "McCarty-Snead, Callaghan"]
[Black "Donnelly, Parick"]
[Result "0-1"]
[WhiteElo "826"]
[BlackElo "1647"]
[PlyCount "80"]
[EventDate "2012.??.??"]

1. e4 e5 2. Nf3 Nc6 3. Bc4 Nf6 4. d3 Bc5 5. Bg5 d6 6. h3 Be6 7. Bb3 Qd7 8. Bxf6
gxf6 9. O-O Rg8 10. Kh2 O-O-O 11. Bxe6 fxe6 12. Nbd2 Qg7 13. Ne1 Ne7 14. Nb3
Bb6 15. a4 a6 16. Qe2 Ng6 17. g3 f5 18. Rg1 Nf4 19. Qf1 Ng6 20. Nf3 fxe4 21.
dxe4 Rdf8 22. Nbd2 d5 23. exd5 exd5 24. Rg2 e4 25. Ne1 e3 26. Nb3 Rxf2 27. Rxf2
exf2 28. Ng2 Ne5 29. Nf4 Qxg3+ 30. Kh1 Qf3+ 31. Kh2 Qxf4+ 32. Kh1 Rg1+ 33. Qxg1
fxg1=Q+ 34. Rxg1 Bxg1 35. Kxg1 Nf3+ 36. Kf2 Nd4+ 37. Kg2 Qf3+ 38. Kg1 Ne2+ 39.
Kh2 Qg3+ 40. Kh1 Qg1# 0-1

[Event "Mechanics' Fall TNM; 30/90, SD/30"]
[Site "San Francisco"]
[Date "2012.11.20"]
[Round "6.26"]
[White "McCarty-Snead, Callaghan"]
[Black "Hilliard, Michael"]
[Result "1-0"]
[WhiteElo "826"]
[BlackElo "1460"]
[Annotator "Donaldson"]
[PlyCount "83"]
[EventDate "2012.??.??"]

1. e4 c6 2. d4 d5 3. exd5 cxd5 4. Nf3 Bf5 5. Bf4 Nf6 6. Bxb8 Rxb8 7. Bb5+ Bd7
8. Bxd7+ Qxd7 9. O-O e6 10. Nc3 Bd6 11. Re1 O-O 12. Ne5 Qc7 13. Nb5 Qb6 14.
Nxd6 Qxd6 15. c3 b5 16. Qb3 a5 17. Rad1 Rfc8 18. a3 b4 19. cxb4 axb4 20. a4 Qb6
21. Re3 Qa7 22. f3 Nd7 23. Nxd7 Qxd7 24. Ree1 Qa7 25. Qa2 Rc4 26. a5 Rxd4 27.
Rxd4 Qxd4+ 28. Kh1 Qd2 29. Ra1 Rc8 30. Qb1 Rc2 31. Qg1 Rxb2 $4 (31... d4 32. a6
Rc8 33. a7 Ra8 $15) 32. a6 Ra2 33. a7 Rxa7 34. Rxa7 g6 35. Qa1 d4 36. Rd7 Qc3
37. Qxc3 dxc3 38. Rc7 Kg7 39. Rc4 Kf6 40. Rxb4 c2 41. Rc4 c1=Q+ 42. Rxc1 1-0

[Event "Mechanics' Fall TNM; 30/90, SD/30"]
[Site "San Francisco"]
[Date "2012.11.06"]
[Round "4.22"]
[White "McCarty-Snead, Callaghan"]
[Black "Newey, Richard"]
[Result "0-1"]
[WhiteElo "826"]
[BlackElo "1704"]
[PlyCount "114"]
[EventDate "2012.??.??"]

1. e4 c5 2. Nf3 d6 3. Nc3 g6 4. Bc4 Nc6 5. O-O Bg7 6. d3 Nf6 7. Be3 Bd7 8. Qd2
Ng4 9. Bf4 Nge5 10. Nxe5 Nxe5 11. Bxe5 Bxe5 12. f4 Bd4+ 13. Kh1 Qa5 14. Nb1 Qb6
15. c3 Bg7 16. f5 O-O-O 17. fxg6 hxg6 18. Rxf7 Be5 19. h3 Rdf8 20. Rxf8+ Rxf8
21. Na3 Qd8 22. Qe2 Rf4 23. Rf1 Qf8 24. Rxf4 Qxf4 25. g4 Qg3 26. Qg2 Qe1+ 27.
Qg1 Qd2 28. Qg2 Qc1+ 29. Qg1 Qxb2 30. Nb5 a6 31. Nxd6+ exd6 32. d4 cxd4 33.
cxd4 Qxd4 34. Qxd4 Bxd4 35. Kg2 Bc6 36. Kf3 g5 37. Be6+ Kd8 38. Bf5 Ke7 39. Ke2
Bb5+ 40. Kf3 Kf6 41. Kg2 Ke5 42. Kf3 Bc4 43. a4 Bb3 44. a5 Bc3 45. Kg3 Be1+ 46.
Kf3 Bxa5 47. Kg3 Be1+ 48. Kf3 Bc4 49. Kg2 b5 50. Kf3 b4 51. Kg2 b3 52. Kf3 b2
53. Kg2 b1=Q 54. Kf3 Qd3+ 55. Kg2 Qg3+ 56. Kh1 Be2 57. h4 Bf3# 0-1

[Event "Mechanics' Fall TNM; 30/90, SD/30"]
[Site "San Francisco"]
[Date "2012.11.06"]
[Round "4.7"]
[White "Melville, Cailen"]
[Black "Andries, Craig"]
[Result "1/2-1/2"]
[WhiteElo "1806"]
[BlackElo "1953"]
[PlyCount "46"]
[EventDate "2012.??.??"]

1. d4 d5 2. c4 e6 3. Nc3 c6 4. e4 dxe4 5. Nxe4 Nf6 6. Nxf6+ Qxf6 7. Nf3 h6 8.
Bd3 Bd6 9. Qe2 Bb4+ 10. Bd2 Bxd2+ 11. Qxd2 Nd7 12. O-O O-O 13. Rfe1 Rd8 14. b4
Nf8 15. Ne5 Nd7 16. Rad1 Kf8 17. f4 a5 18. a3 axb4 19. axb4 Nb6 20. Qf2 Nd7 21.
Qe3 Qe7 22. f5 Nxe5 23. Qxe5 Qd6 1/2-1/2

[Event "Mechanics' Spring TNM; 30/90, SD/30"]
[Site "San Francisco"]
[Date "2012.04.24"]
[Round "7.18"]
[White "Melville, Cailen"]
[Black "Eytan, David"]
[Result "1-0"]
[WhiteElo "1757"]
[BlackElo "1585"]
[PlyCount "43"]
[EventDate "2012.??.??"]

1. d4 b6 2. e4 Bb7 3. Bd3 e6 4. c4 Nf6 5. Nc3 Bb4 6. Qc2 Nc6 7. Nf3 h6 8. e5
Nh5 9. Bg6 Bxc3+ 10. bxc3 Nf6 11. exf6 Qxf6 12. Be4 g5 13. Be3 g4 14. Nd2 h5
15. h4 Qg7 16. d5 Ne5 17. dxe6 Bxe4 18. Qxe4 Rd8 19. Bd4 d6 20. O-O-O c5 21.
Be3 f5 22. Qxf5 1-0

[Event "Mechanics' Fall TNM; 30/90, SD/30"]
[Site "San Francisco"]
[Date "2012.10.23"]
[Round "2.7"]
[White "Melville, Cailen"]
[Black "Grey, Peter"]
[Result "0-1"]
[WhiteElo "1806"]
[BlackElo "2000"]
[PlyCount "44"]
[EventDate "2012.??.??"]

1. d4 Nf6 2. c4 g6 3. f3 d5 4. cxd5 Nxd5 5. e4 Nb6 6. Be3 Bg7 7. Na3 O-O 8. h4
e5 9. d5 f5 10. h5 c6 11. hxg6 hxg6 12. d6 Be6 13. Qd2 f4 14. Bf2 Kf7 15. Qa5
N8d7 16. b3 Nc8 17. Qd2 Rh8 18. Nh3 Bf8 19. Rc1 Nxd6 20. Qb4 $4 Nb5 21. Qd2
Bxa3 22. Rd1 a5 0-1

[Event "Mechanics' Fall TNM; 30/90, SD/30"]
[Site "San Francisco"]
[Date "2012.11.27"]
[Round "7.5"]
[White "Melville, Cailen"]
[Black "Krasnov, Steven"]
[Result "0-1"]
[WhiteElo "1806"]
[BlackElo "1959"]
[PlyCount "95"]
[EventDate "2012.??.??"]

1. d4 Nf6 2. c4 e6 3. Nc3 d5 4. cxd5 exd5 5. Bg5 c6 6. Qc2 Nbd7 7. e3 h6 8. Bh4
Qa5 9. Bd3 Be7 10. Nge2 b5 11. O-O O-O 12. Nd1 Bb7 13. f4 Rac8 14. Bf5 Rfe8 15.
Bxf6 Nxf6 16. Bxc8 Rxc8 17. Ng3 Bf8 18. Nf2 c5 19. Qd1 Qb6 20. Rc1 Re8 21. Re1
b4 22. f5 Qa5 23. Ng4 Ne4 24. Nh5 Bc8 25. Rf1 Qxa2 26. dxc5 f6 27. Ra1 Qc4 28.
Rxa7 Qxc5 29. Qa4 Rd8 30. Rd1 Bxf5 31. Ra5 Qc4 32. Nf2 Nxf2 33. Kxf2 Bc2 34.
Qa1 Bxd1 35. Qxd1 Qh4+ 36. Ng3 d4 37. Kg1 d3 38. Nf5 Qc4 39. Nd4 Bc5 40. b3 Qc3
41. Rxc5 Qxc5 42. Qxd3 Qc3 43. Qe2 Re8 44. Kf2 Re5 45. h3 f5 46. Nf3 Re4 47.
Nd2 Re7 48. g3 0-1

[Event "Mechanics' Fall TNM; 30/90, SD/30"]
[Site "San Francisco"]
[Date "2012.12.04"]
[Round "8.9"]
[White "Melville, Cailen"]
[Black "Steigum, Erling"]
[Result "0-1"]
[WhiteElo "1806"]
[BlackElo "1988"]
[PlyCount "120"]
[EventDate "2012.??.??"]

1. d4 Nf6 2. c4 e6 3. Nc3 Bb4 4. f3 O-O 5. a3 Bxc3+ 6. bxc3 Nc6 7. e4 e5 8. d5
Na5 9. Be3 b6 10. c5 Nb7 11. cxb6 axb6 12. Nh3 d6 13. Qd2 Nc5 14. Bxc5 bxc5 15.
Nf2 Qd7 16. Nd1 Ba6 17. c4 Qa4 18. Ne3 Bc8 19. Bd3 Qa5 20. Qxa5 Rxa5 21. O-O
Nh5 22. g3 g6 23. Rfb1 Ba6 24. Rb3 Ra8 25. Rab1 Bc8 26. Nc2 Kg7 27. Rb8 f5 28.
exf5 gxf5 29. R1b3 f4 30. g4 Nf6 31. h3 R5a7 32. Kf2 h6 33. Ke2 Kf7 34. Kd2 Ng8
35. h4 Ne7 36. h5 Kf6 37. Be4 Ng8 38. Kc3 Ne7 39. Kb2 Rxb8 40. Rxb8 Rb7+ 41.
Rxb7 Bxb7 42. a4 c6 43. Na3 cxd5 44. cxd5 Bxd5 45. Bxd5 Nxd5 46. Nc4 Ke6 47. a5
Nb4 48. Kc3 d5 49. Na3 e4 50. fxe4 dxe4 51. Kd2 Kf6 52. Nc4 Kg5 53. Ne5 Kf6 54.
Nd7+ Kg5 55. Nxc5 e3+ 56. Ke2 Kxg4 57. a6 Nc6 58. Ne6 Kg3 59. Ng5 hxg5 60. h6
f3+ 0-1